00000000nam 2200000zi 4500
0019.947141
003CaOODSP
00520250121091805
006m     o  d f      
007cr bn|||||||||
008250120t19971997oncad   obfu f000 0 fre d
020 |z066095401X
040 |aCaOODSP|bfre|erda|cCaOODSP
043 |an-cn---
0861 |aNR36-1/1995-3F-PDF
24500|aGuide de l'utilisateur - CNB 1995 : |bProtection contre l'incendie, sécurité des occupants et accessibilité (partie 3) / |cpublié par la Commission canadienne des codes du bâtiment et de prévention des incendies.
24613|aGuide de l'utilisateur - Code national du bâtiment - Canada, 1995 : |bProtection contre l'incendie, sécurité des occupants et accessibilité (partie 3)
250 |aPremière édition 1997.
264 1|aOttawa : |bConseil national de recherches du Canada, |c1997.
264 4|c©1997
300 |a1 ressource en ligne (vi, 217 pages) : |billustrations, graphiques
336 |atexte|btxt|2rdacontent/fre
337 |ainformatique|bc|2rdamedia/fre
338 |aressource en ligne|bcr|2rdacarrier/fre
500 |aTitre de la couverture.
500 |aL'ISBN (066095401X) de l'édition imprimée a été copié dans l'édition électronique.
500 |aPublié aussi en anglais sous le titre : User's Guide - NBC 1995 : Fire Protection, Occupant Safety and Accessibility (Part 3).
504 |aComprend des références bibliographiques (pages 194-195).
520 |a« Le présent guide explique l'esprit des exigences de la partie 3 du Code national du bâtiment du Canada (CNB) et aidera le lecteur à mieux comprendre le contexte et la raison d'être de bon nombre des exigences les plus complexes. Ce guide ne porte pas uniquement sur les nouveaux bâtiments ; il renferme aussi des commentaires qui permettront à l'utilisateur d'appliquer correctement les dispositions du CNB lorsqu'il devra apporter des modifications à un bâtiment existant » -- Introduction, page v.
650 6|aConstruction|xDroit|zCanada|vCodes.
650 6|aConstructions|xNormes|zCanada.
650 6|aScience du feu (Ingénierie)|zCanada|vGuides, manuels, etc.
655 7|aGuides et manuels|2rvmgf
7102 |aCommission canadienne des codes du bâtiment et de prévention des incendies, |eorganisme de publication.
77508|tUser's Guide - NBC 1995 : |w(CaOODSP)9.947138
85640|qPDF|s1.40 Mo|uhttps://publications.gc.ca/collections/collection_2025/cnrc-nrc/NR36-1-1995-3-fra.pdf
986 |a40383F